[Event "Maastricht Limburg op-C 8th"]
[Site "Maastricht"]
[Date "2014.06.09"]
[Round "7"]
[White "Keetman, Sandra"]
[Black "Heinen, Dai"]
[Result "1-0"]
[WhiteElo "1641"]
[BlackElo "1603"]
[PlyCount "39"]
[EventDate "2014.06.06"]
[EventType "swiss"]
[EventRounds "7"]
[EventCountry "NED"]
[SourceTitle "EXT 2015"]
[Source "ChessBase"]
[SourceDate "2014.11.20"]
[SourceVersion "1"]
[SourceVersionDate "2014.11.20"]
[SourceQuality "1"]

1. d4 d5 2. Bf4 Nf6 3. e3 e6 4. Bd3 c5 5. c3 Nc6 6. Nf3 cxd4 7. exd4 Bd6 8. Bg3 Ne7 9. Nbd2 Ng6 10. Qc2 a6 11. 0-0-0 Ng4 12. Nb3 Bxg3 13. hxg3 Nxf2 14. Qxf2 Qf6 15. Qd2 0-0 16. Rdf1 Qe7 17. Ne5 Bd7 18. Ng4 Rae8 19. Nf6+ gxf6 20. Qh6 1-0